Unit operations of chemical engineering (Record no. 3799)

000 -LEADER
fixed length control field 00652nam a2200241 a 4500
001 - CONTROL NUMBER
control field 3799
003 - CONTROL NUMBER IDENTIFIER
control field BD-DhUET
008 - FIXED-LENGTH DATA ELEMENTS--GENERAL INFORMATION
fixed length control field 850523s1985 nyua b 001 0 eng
020 ## - INTERNATIONAL STANDARD BOOK NUMBER
International Standard Book Number 0070448280
040 ## - CATALOGING SOURCE
Modifying agency BD-DhUET
Transcribing agency 0
082 0# - DEWEY DECIMAL CLASSIFICATION NUMBER
Classification number 660.2842
Item number MCC/1985
100 1# - MAIN ENTRY--PERSONAL NAME
Personal name McCabe, Warren L.
245 10 - TITLE STATEMENT
Title Unit operations of chemical engineering
250 ## - EDITION STATEMENT
Edition statement 4th ed.
260 ## - PUBLICATION, DISTRIBUTION, ETC. (IMPRINT)
Place of publication, distribution, etc. New York
Name of publisher, distributor, etc. McGraw-Hill
Date of publication, distribution, etc. 1985
300 ## - PHYSICAL DESCRIPTION
Extent x, 960 p.
Other physical details ill.
Dimensions 25 cm.
490 1# - SERIES STATEMENT
Series statement McGraw-Hill chemical engineering series
504 ## - BIBLIOGRAPHY, ETC. NOTE
Bibliography, etc Includes bibliographies
650 #0 - SUBJECT ADDED ENTRY--TOPICAL TERM
Topical term or geographic name as entry element Chemical Processer
700 1# - ADDED ENTRY--PERSONAL NAME
Personal name Smith, Julian C.
700 1# - ADDED ENTRY--PERSONAL NAME
Personal name Harriott, Peter.
942 ## - ADDED ENTRY ELEMENTS (KOHA)
Koha item type General Book
Holdings
Date acquired Koha date last borrowed Not for loan Copy number Shelving location Price effective from Lost status Koha item type Koha full call number Koha normalized classification for sorting Location (home branch) Source of classification or shelving scheme Koha date last seen Withdrawn status Koha issues (times borrowed) Sublocation or collection (holding branch) Piece designation (barcode) Damaged status
2014-11-05  1Circulation section2014-11-05 General Book660.2842/MCC/1985660_000000000000000_2842MCC198Central Library, BUET 2016-10-23  Central Library, BUET72739 
2014-11-05  2Circulation section2014-11-05 General Book660.2842/MCC/1985660_000000000000000_2842MCC198Central Library, BUET 2014-11-05  Central Library, BUET77549 
2014-11-052018-11-14 3Circulation section2014-11-05 General Book660.2842/MCC/1985660_000000000000000_2842MCC198Central Library, BUET 2018-12-04 2Central Library, BUET77550 
2015-07-01  4Reading section2015-07-01 Reading Item660.2842/MCC/1985660_284200000000000_MCC_1985Central Library, BUET 2015-07-01  Central Library, BUET68731 
1989-06-27  ৪/ক-১Rental section2024-11-25 Rental Item660.2842 MCC/1985660_284200000000000_MCC_1985Central Library, BUET 2024-11-25  Central Library, BUET73910 
1989-06-27  ৪/ক-২Rental section2024-11-25 Rental Item660.2842 MCC/1985660_284200000000000_MCC_1985Central Library, BUET 2024-11-25  Central Library, BUET73911 
1989-06-27  ৪/ক-৩Rental section2024-11-25 Rental Item660.2842 MCC/1985660_284200000000000_MCC_1985Central Library, BUET 2024-11-25  Central Library, BUET73912 
1989-06-27  ৪/ক-৪Rental section2024-11-25 Rental Item660.2842 MCC/1985660_284200000000000_MCC_1985Central Library, BUET 2024-11-25  Central Library, BUET73913 
1989-06-27  ৪/ক-৫Rental section2024-11-25 Rental Item660.2842 MCC/1985660_284200000000000_MCC_1985Central Library, BUET 2024-11-25  Central Library, BUET73914 
1989-06-27  ৪/ক-৬Rental section2024-11-25 Rental Item660.2842 MCC/1985660_284200000000000_MCC_1985Central Library, BUET 2024-11-25  Central Library, BUET73915 
1989-06-27  ৪/ক-৭Rental section2024-11-25 Rental Item660.2842 MCC/1985660_284200000000000_MCC_1985Central Library, BUET 2024-11-25  Central Library, BUET73916 
1989-06-27  ৪/ক-৮Rental section2024-11-25 Rental Item660.2842 MCC/1985660_284200000000000_MCC_1985Central Library, BUET 2024-11-25  Central Library, BUET73917 
1989-06-27  ৪/ক-৯Rental section2024-11-25 Rental Item660.2842 MCC/1985660_284200000000000_MCC_1985Central Library, BUET 2024-11-25  Central Library, BUET73918 
1989-06-27  ৪/ক-১০Rental section2024-11-25 Rental Item660.2842 MCC/1985660_284200000000000_MCC_1985Central Library, BUET 2024-11-25  Central Library, BUET73919 
1989-06-27  ৪/ক-২৫Rental section2024-11-25 Rental Item660.2842 MCC/1985660_284200000000000_MCC_1985Central Library, BUET 2024-11-25  Central Library, BUET73934 
1989-06-27  ৪/ক-২৬Rental section2024-11-25 Rental Item660.2842 MCC/1985660_284200000000000_MCC_1985Central Library, BUET 2024-11-25  Central Library, BUET73935